新闻听力 教程. 上 上

Đã lưu trong:
書目詳細資料
主要作者: 刘士勤
格式: 圖書
出版: 北 京 语 言 大 学 出 版 社 2003
標簽: 添加標簽
沒有標簽, 成為第一個標記此記錄!
Thư viện lưu trữ: Mạng thư viện Đại học Đà Nẵng
LEADER 00808nam a2200241 a 4500
001 000041675
003 20696
005 20171030155812.0
008 171030s2003
040 |a LNN 
082 0 |a 495.18  |b LI-Q 
100 1 |a 刘士勤 
245 0 0 |a 新闻听力 教程. 上  |c 刘士勤,彭瑞情拼音; 史艳岚 翻译.  |n 上 
260 |b 北 京 语 言 大 学 出 版 社  |c 2003 
OWN |a LNN 
AVA |a UDN50  |b LNN  |d 495.18 LI-Q  |e available  |t Error 5001 Not defined in file expand_doc_bib_avail.  |f 2  |g 0  |h N  |i 0  |k 1 
999 |a From the UDN01 
AVA |a UDN50  |b LNN  |d 495.18 LI-Q  |e available  |t Error 5001 Not defined in file expand_doc_bib_avail.  |f 2  |g 0  |h N  |i 0  |k 1 
TYP |a Monograph 
TYP |a Printed language 
980 |a Mạng thư viện Đại học Đà Nẵng